| 000 | 00431nam a2200169Ia 4500 | ||
|---|---|---|---|
| 008 | 230524s9999 xx 000 0 und d | ||
| 020 | _a9789380026060 | ||
| 082 |
_a621.3824 _bKIS |
||
| 100 |
_aKamal Kishore _943000 |
||
| 245 | 0 | _aAntenna and Wave Propagation | |
| 250 | _a1 | ||
| 260 |
_aNew Delhi _bI.K.International _c2013 |
||
| 300 | _a"XII,271p;" | ||
| 500 | _aQuantity Number: 1 | ||
| 650 | _aElectronics | ||
| 942 | _cBK | ||
| 999 |
_c57948 _d57948 |
||